High speed pulse technology / (Record no. 13863)
[ view plain ]
| 000 -LEADER | |
|---|---|
| fixed length control field | 00960nam a2200253 a 4500 |
| 001 - CONTROL NUMBER | |
| control field | 13863 |
| 003 - CONTROL NUMBER IDENTIFIER | |
| rucl marc code | BD-RjUL |
| 005 - DATE AND TIME OF LATEST TRANSACTION | |
| control field | 20211208235527.0 |
| 008 - FIXED-LENGTH DATA ELEMENTS--GENERAL INFORMATION | |
| fixed length control field | 140202s1965 nyua b 001 0 eng d |
| 035 ## - SYSTEM CONTROL NUMBER | |
| System control number | (BD-RjUL) 13915 |
| 040 ## - CATALOGING SOURCE | |
| Original cataloging agency | DLC |
| Transcribing agency | DLC |
| Modifying agency | DLC |
| -- | (BD-RjUL) |
| Language of cataloging | eng |
| 041 ## - LANGUAGE CODE | |
| Language code of text/sound track or separate title | eng |
| 082 00 - DEWEY DECIMAL CLASSIFICATION NUMBER | |
| Edition number | 23 |
| Classification number | 621.381534 |
| Author mark and year | FRH 1965 |
| 100 1# - MAIN ENTRY--PERSONAL NAME | |
| Personal name | Früngel, Frank B. A. |
| 9 (RLIN) | 43339 |
| 245 10 - TITLE STATEMENT | |
| Title | High speed pulse technology / |
| Statement of responsibility, etc. | by Frank B.A. Früngel. |
| 260 ## - PUBLICATION, DISTRIBUTION, ETC. (IMPRINT) | |
| Place of publication, distribution, etc. | New York ; |
| -- | London : |
| Name of publisher, distributor, etc. | Academic Press, |
| Date of publication, distribution, etc. | c1965. |
| 300 ## - PHYSICAL DESCRIPTION | |
| Pagination | v. : |
| Illustrations | ill. ; |
| Size | 24 cm. |
| 500 ## - GENERAL NOTE | |
| General note | Translation of Impulstechnik. |
| 504 ## - BIBLIOGRAPHY, ETC. NOTE | |
| Bibliography, etc | Includes bibliographies and index |
| 505 0# - FORMATTED CONTENTS NOTE | |
| Formatted contents note | Vol. 1---- Capacitor discharges. Magnetohydrodynamics. X-rays. Ultrasonics. -- v. 2 Optical pulses. Lasers. Measuring techniques. -- v. 3. Capacitor discharge engineering. -- v. 4. Sparks and laser pulses. |
| 650 #0 - SUBJECT ADDED ENTRY--TOPICAL TERM | |
| Topical term or geographic name as entry element | Pulse techniques (Electronics) |
| 9 (RLIN) | 43340 |
| Topical term or geographic name as entry element | Capacitors. |
| 9 (RLIN) | 39873 |
| 942 ## - ADDED ENTRY ELEMENTS (KOHA) | |
| Source of classification or shelving scheme | Dewey Decimal Classification |
| Koha item type | Books |
| Lost status | Source of classification or shelving scheme | Damaged status | Not for loan | Collection code | Permanent Location | Current Location | Shelving location | Date acquired | Source of acquisition | Cost, normal purchase price | Total Checkouts | Full call number | Date last seen | Copy number | Koha item type |
|---|---|---|---|---|---|---|---|---|---|---|---|---|---|---|---|
| Dewey Decimal Classification | Non-fiction | Central Library, University of Rajshahi | Central Library, University of Rajshahi | 30/09/1970 | Sweet & Zeitlinger | 210.00 | 621.381534 FRH V-2 1965 | 02/02/2014 | C-2 | Books | |||||
| Dewey Decimal Classification | Not For Loan | Non-fiction | Central Library, University of Rajshahi | Central Library, University of Rajshahi | Reading Room | 30/09/1970 | Sweets & Zeitlinger | 220.00 | 621.381534 FRH V-1 1965 | 29/05/2017 | C-1 | Books | |||
| Dewey Decimal Classification | Non-fiction | Central Library, University of Rajshahi | Central Library, University of Rajshahi | 30/09/1970 | Sweets & Zeitlinger | 228.00 | 621.381534 FRH V-1 1965 | 29/05/2017 | C-2 | Books | |||||
| Dewey Decimal Classification | Not For Loan | Non-fiction | Central Library, University of Rajshahi | Central Library, University of Rajshahi | Reading Room | 30/09/1970 | Sweets & Zeitlinger | 210.00 | 621.381534 FRH V-2 1965 | 29/05/2017 | C-1 | Books |